Sportifs en N - Statistiques

Statistiques générales
  • Ce quiz a été pris 126 fois
  • Le résultat moyen est 10 sur 14
Statistiques - réponses
Par images Réponse % Correct
Rafael Nadal
99%
Yannick Noah
89%
Manuel Neuer
86%
Keylor Navas
83%
Steven Nzonzi
82%
Romain Ntamack
75%
Christopher Nkunku
74%
Lando Norris
70%
Darwin Nunez
69%
Francis Ngannou
68%
Earvin Ngapeth
64%
Pavel Nedved
62%
Alessandro Nesta
59%
Nene
56%
Aucun quiz correspondant
Distribution des résultats
% des personnes avec chaque résultat
Percentile par nombre de réponses
Votre historique - résultats
Vous n’avez pas pris ce quiz